Teuerste Transfers von Hertha BSC (Verkäufe) - Statistiken

Allgemein
  • Dieses Quiz wurde 184 mal gespielt
  • Das Durchschnittsergebnis liegt bei 8 aus 16
Antwortstatistiken
Saison Ablöse in Mio Neuer Verein Spieler % Korrekt
21/22 35 Atletico Matheus Cunha
92%
23/24 10 FC Sevilla Dodi Lukébakio
81%
19/20 22,4 Inter Mailand Valentino Lazaro
68%
21/22 20 Krasnodar Jhon Córdoba
66%
17/18 17 Wolfsburg John Anthony Brooks
62%
22/23 5 Augsburg Arne Maier
60%
18/19 12 Leverkusen Mitchell Weiser
60%
14/15 9,7 Dortmund Adrián Ramos
59%
07/08 7,9 Tottenham Kevin-Prince Boateng
58%
20/21 7 Köln Ondrej Duda
42%
02/03 9 Bayern Sebastian Deisler
42%
14/15 8,5 Hamburg Pierre-Michel Lasogga
39%
22/23 5 Royal Antwerpen Jurgen Ekkelenkamp
37%
12/13 9 Dynamo Kiev Raffael
30%
10/11 5,5 Hamburg Gojko Kacar
24%
09/10 7 Hoffenheim Josip Simunic
22%
Keine übereinstimmenden Quizze gefunden
Verteilung der Resultate
Anzahl Personen mit jedem Resultat
Perzentil nach korrekt beantworteten Fragen
Ihre Resultats-Entwicklung
Sie haben dieses Quiz noch nicht gespielt